| 000 | 00534nam a2200181 a 4500 | ||
|---|---|---|---|
| 005 | 20210219154451.0 | ||
| 008 | 030616s1970 mx r 000 0 spa d | ||
| 035 | _aUPN01000125754 | ||
| 049 | _aSEP | ||
| 050 | 4 |
_aAC70 _bC8.6 no.267 |
|
| 100 | 1 | _aPulido Granata, Ramón | |
| 245 | 1 | 3 |
_aLa tradición operística en la ciudad de México : _bsiglo XIX / _cRamón Pulido Granata. |
| 260 |
_aMéxico : _bSEP, _c1970. |
||
| 300 | _a347 p. | ||
| 440 | 0 |
_aCuadernos de lectura popular ; _v267 |
|
| 650 | 4 |
_aOPERA - _zMEXICO |
|
| 905 | _aLibro | ||
| 999 |
_c97933 _d97933 |
||